00693nam a2200205Ia 4500003000400000005001700004008004100021037001700062040001800079041001300097084002000110100002900130245002400159260004800183300006900231700004000300942002600340999001900366952010200385OSt20260106120011.0220923b |||||||| |||| 00| 0 eng d cGeneral Book aRTLcRTLbeng 2engaeng aX:8M4 , L6qRTL aCherry Charles L9247475 0aWrite up the ladder aCaliforniabGoodyear Publ. Co c1976 aix , 323 p.ccm.bIncludes bibliographical references and index. a Murphy George D9247476eCo-Author hX:8M4 , L6cGB2CCn0 c491812d491812 00102CC4070aRTLbRTLd2022-09-25l0oX:8M4 L6pRT0525940r2022-09-25 00:00:00w2022-09-25yGB